Statistics for Famous Beards by Picture

Click here to take the quiz!

General Stats

  • This quiz has been taken 119 times
  • The average score is 15 of 20

Answer Stats

Answer% Correct
Vincent van Gogh
97%
Abraham Lincoln
96%
Osama bin Laden
92%
Charles Darwin
90%
David Beckham
87%
Henry VIII
87%
Fidel Castro
86%
Che Guevara
79%
Karl Marx
78%
Leonardo da Vinci
78%
Grigori Rasputin
77%
Morgan Freeman
72%
Keanu Reeves
71%
Sigmund Freud
70%
Confucius
67%
Ernest Hemingway
58%
Chuck Norris
52%
Frederick Douglass
48%
Mr. T
48%
John Calvin
21%

Score Distribution

Percentile by Number Answered

Percent of People with Each Score

Your Score History

You have not taken this quiz